| 000 | 00525nam a2200157 i 4500 | ||
|---|---|---|---|
| 001 | 34796 | ||
| 003 | ES-MaACL | ||
| 005 | 20230906155011.0 | ||
| 007 | t| | ||
| 008 | 030211s1919 fr ||||1| fre d | ||
| 100 | 1 |
_aBonnecase, Julien. _930235 |
|
| 245 | 1 | 3 |
_aLa notion de droit en France au dix-neuvieme siecle _b: contributions a l'étude de la philosophie du droit contemporaine / _cJulien Bonnecase. |
| 260 |
_aParis : _b[s.n., _c1919] ( _fEuvrard Pechat) |
||
| 300 |
_aIX, 236 p. ; _c29 cm. |
||
| 852 |
_aES-MaACL _jF-14573 |
||
| 999 |
_c34796 _d34796 |
||